00522nam a22001937a 450000500170000001000140001702000220003103500130005303700130006608200080007910000170008724500660010425000120017026000350018227000520021730000260026970000170029570000160031220100809111224.0 aENG-98984 c75.00a8190202502 aEN-82516 bDBAD/PUB a485 aGoel, T. C.  aDeft definitions /cby T. C. Goel, Alpna Goel [and] Anuj Goel a5th ed. aLacknowbArgo Pub. Housec2007 aAtri B2/19 Sector F JankipurambLacknowe226021 a180 p. c22 cm. (Pbk) aGoel, Alpna  aGoel, Anuj